01134nam a2200301 i 450000100060000000300090000600500170001500800390003201500170007103500200008804000280010808000080013624500750014426000340021930000630025333600270031633700540034333800280039738000170042550400380044252101080048065800310058865500180061965000180063771000320065570000470068785600980073413395KOSZ 00520200527143726.0080721s1957 pl a f 000 0 pol aPB 1957/6839 a(OCoLC)68631719 aWA NcWA NdKOSZ 005/KK a62700aBudowle piętrzące :bwykonawstwo /cZbigniew Zmigrodzki [et al.].  aWarszawa :b"Arkady",c1957.  a246, [2] stron, [1] karta, tablice :bilustracje ;c24 cm. 2rdacontentaTekstbtxt 2rdamediaaBez urządzenia pośredniczącegobn 2rdacarrieraWoluminbnc aKsiążki. aBibliografia na stronach 246-247.8 aDla inżynierów i techników budownictwa wodnego i dla studentów wyższych uczelni technicznych. aArchitektura i budownictwo 4aPodręczniki 4aHydrotechnika2 aWydawnictwo "Arkady".4pbl.1 aŻmigrodzki, Zbigniewd(1906-1963)eAutor uhttp://koha.tu.koszalin.pl/cgi-bin/koha/opac-detail.pl?biblionumber=13395yKatalog online BPK